[Event "Uhrensimultan"]
[Site "?"]
[Date "2016.04.25"]
[Round "?"]
[White "McShane, Luke"]
[Black "Jung, Gerald"]
[Result "1-0"]
[WhiteElo "2669"]
[BlackElo "1853"]
[Annotator "Gerald Jung"]
[PlyCount "119"]
[EventDate "2016.??.??"]
[SourceDate "2015.04.14"]

{Heute im Werder-Vereinsheim als Vetreter von Team 5 teilgenommen am
45-Minuten-Uhren-Simultan an 8 Brettern - gegen LUKE McSHANE !} 1. c4 Nf6 2.
Nf3 g6 3. Nc3 Bg7 4. d4 O-O 5. Bg5 d6 6. e3 Nbd7 7. Be2 h6 8. Bh4 c6 9. O-O Qc7
10. Rc1 (10. Qc2 e5 11. Rad1 Re8 12. Rfe1 Nf8 13. dxe5 dxe5 14. Nd2 Bf5 15. Bd3
Be6 16. b3 N6d7 17. b4 a5 18. a3 f5 19. f3 axb4 20. axb4 Nb6 21. e4 Qf7 22. Ne2
f4 23. Ra1 Rab8 24. c5 Nc8 {Georges,S (2310)-Ibragimov,I (2540) Bern 1993 0-1 
(47)}) 10... e5 {[#]} 11. b4 $146 (11. Qc2 Re8 12. Rfd1 Nf8 13. c5 exd4 14.
cxd6 Qxd6 15. Nxd4 Qe7 16. Rd2 Ne6 17. Nf3 Nf8 18. Rcd1 Bf5 19. Qa4 Ne6 20. Nd4
Nxd4 21. Rxd4 g5 22. Bg3 Nd7 23. Bd6 Qe6 24. R4d2 a5 25. Rc1 Be5 {Bwalya,G 
(2256)-Farid, F (2114) Istanbul 2012 1/2-1/2 (81)}) (11. Re1 Re8 12. Qb3 Nf8
13. h3 Kh8 14. Bg3 N6h7 15. c5 dxc5 16. Nxe5 Bxe5 17. Bxe5+ Rxe5 18. dxe5 Be6
19. Qa3 Qxe5 20. Na4 Nd7 21. Nxc5 Nxc5 22. Rxc5 Qf6 23. Bc4 Ng5 24. Bxe6 Qxe6
25. Ra5 a6 {Seto,W-Efremoglou,A (1925) Thessaloniki 1984 0-1 (64)}) (11. Bg3
Nh5 12. Ne1 Nxg3 13. hxg3 f5 14. b4 exd4 15. exd4 Nf6 16. Bf3 Be6 17. d5 Bf7
18. Qd3 Nd7 19. Qd2 a5 20. a3 axb4 21. axb4 Ne5 {0-1 (21) Shilnikov,I (1963)
-Gorin,A (2126) Nizhnij Novgorod 2009}) (11. h3 exd4 12. exd4 Nh5 $14) 11...
Re8 (11... exd4 12. Nxd4 a5 13. a3 $14) (11... g5 $5 12. Bg3 Nh5 13. d5 Nxg3
14. hxg3 c5 15. a3 Nf6 16. Qc2 Bd7 17. bxc5 Qxc5 18. Nd2 $14) 12. Nd2 $6 (12.
dxe5 dxe5 13. a3 Nf8 $11) (12. Qc2 $5) 12... exd4 13. exd4 Nh7 $6 {[#]} (13...
Qb6 $5 14. Bg3 $5 Qxb4 $5 {Houdini 1.5a w32:} 15. Qc2 d5 16. Rb1 Qe7 17. cxd5
Nxd5 18. Nxd5 cxd5 19. Bd3 Nf6 $15 20. Be5 Be6 21. Rfe1 b6 $13) 14. Bg3 $1 $14
Bxd4 15. Nde4 Be5 16. Nxd6 (16. Bxe5 dxe5 17. Nd6 $14 (17. Qd2 $5)) 16... Re6
$2 $16 (16... Qxd6 $1 $14 17. Qxd6 Bxd6 18. Bxd6 Nb6 {Houdini 1.5a w32:} 19.
Rfe1 Nf6 20. Bc5 Bf5 21. Bd4 Ne4 22. Be3 Nxc3 23. Rxc3 Kg7 24. g4 Be6 25. Kg2
f6 26. h4 Nd7 27. Kg3 g5 $5 28. f4 $14) 17. c5 $18 {[#] Ab hier ein Spiel auf
ein Tor - allerdings zog ich im weiteren Verlauf recht rasch, so dass Luke in
dieser Partie "in Zeitnot geriet".} Bxg3 18. hxg3 Ndf6 (18... Ndf8 19. Bc4 Re7
20. Re1 Be6 $5 21. Qd4 $16) 19. Bc4 Re7 20. Re1 Be6 21. Bxe6 fxe6 (21... Rxe6
22. Rxe6 fxe6 23. Qd4 $18) 22. Nce4 (22. Qd2 Ng5 $18) 22... Rf8 (22... e5 23.
Rc4 $18) 23. Qb3 (23. Qd2 Kg7 $18) 23... Nd5 24. Re2 Nhf6 25. Nd2 (25. Qd3 Kh7
$16) 25... Ne8 (25... e5 26. Rce1 $16) 26. N6c4 (26. N2c4 Kh7 $18) 26... Kh7
27. Ne5 (27. Nf3 Nef6 $18) 27... Ng7 (27... Nef6 28. Qd3 Rg7 29. Rc4 $16) 28.
Qb1 (28. Ndf3 Ree8 $18) 28... Rf5 $2 {[#]} (28... Nf5 $5 29. Ndc4 $18) 29. Nxg6
$1 Kxg6 30. g4 Qf4 (30... Kh7 31. gxf5 exf5 32. Rxe7 Qxe7 33. Nf3 $18) (30...
Nf4 31. Re3 Kf7 32. gxf5 Nxf5 33. Re4 Kg8 34. Rcc4 Nd5 35. Re1 h5 36. Qd1 Ng7
37. Ne4 Qe5 38. Nd6 Qg5 39. Qf3 $18) 31. Rc4 (31. gxf5+ exf5 32. Rxe7 Nxe7 $18)
31... Qg5 (31... Qc7 32. Nf3 $18) 32. Nf3 Qf6 33. gxf5+ exf5 34. Rxe7 Qxe7 (
34... Nxe7 35. b5 $18) 35. Qe1 (35. Nh4+ $5 Kf6 $18) 35... Qxe1+ 36. Nxe1 {
Hier hatte ich einen Rest von 22 Minuten und Luke derer 5 !} Ne6 37. Nd3 Kg5
38. Rc1 (38. Kh2 Nec7 $18) 38... Nd4 39. Re1 Nc2 40. Re8 (40. Re2 $5 Na3 $18)
40... Ncxb4 41. Nxb4 Nxb4 42. Rb8 Nxa2 43. Rxb7 Nc3 {Jung: 16, McShane: 3} 44.
Rc7 (44. Rxa7 Ne2+ 45. Kh2 Nd4 $18) 44... Ne2+ 45. Kf1 Nd4 46. Rxa7 Nb3 (46...
Ne6 47. Ra6 Nd4 48. Ra8 $18) 47. Ra6 Nxc5 48. Rxc6 {[#]} Nb3 (48... Nd7 {
Hätte ich vielleicht versuchen sollen; war etwas zäher und im Hinblick auf
des Großmeisters rasch schwindender Bedenkzeit durchaus attraktiv...:} 49. Rc8
Ne5 50. Rg8+ Ng6 51. Ke2 Kf6 52. Kf3 h5 53. Ra8 Kg7 54. Ra2 Kf7 55. Ke3 Ke6 56.
Ra6+ Kf7 57. Ra5 Kf6 58. f4 h4 59. Ra8 Ke7 60. Ra7+ Kf6 61. Kf3 Ne7 62. Ra6+
Kf7 {Gewinn DAS mal mit Sekunden auf der Uhr... In der Partie schafft der
englische König hingegen den Sprung über die Brettmitte !}) 49. Rc3 (49. Rd6
Kf4 $18) 49... Nd2+ 50. Ke2 Ne4 51. Rc6 h5 {J: 1, M: 2} 52. Ke3 h4 53. f3 Nf6 (
53... Ng3 54. f4+ Kh5 55. Rf6 Kg4 56. Rg6+ Kh5 57. Rg5+ Kh6 58. Kd4 Kh7 59. Ke5
Kh6 60. Rxg3 hxg3 61. Kxf5 Kg7 62. Ke6 Kg8 63. Ke7 Kg7 64. f5 Kh6 65. f6 Kg5
66. f7 Kf4 67. f8=Q+ Ke3 68. Kd6 Kd3 69. Qf3+ Kc2 70. Qxg3 Kb2 71. Kd5 Kb1 72.
Kc4 Kb2 73. Qf2+ Kc1 74. Kc3 Kb1 75. Qb2#) 54. f4+ Kg6 55. Kd4 Kf7 56. Ke5 $18
{Luke bei 1:20; Herr Jung bei 7:45 und ersten Gedanken an Aufgabe...} (56.
Rxf6+ Kxf6 57. Kd5 Kf7 58. Ke5 Kg6 59. Ke6 Kh6 60. Kf6 Kh5 61. Kxf5 $18) 56...
Ng4+ 57. Kxf5 Ne3+ 58. Kg5 Nxg2 59. f5 (59. Rc7+ Ke6 60. f5+ Ke5 61. f6 Nf4 62.
Rc5+ Ke6 63. Rc6+ Kd7 64. Kxf4 Kxc6 65. f7 Kb5 66. f8=Q Kc4 67. Ke4 h3 68. Qc8+
Kb4 69. Kd4 Kb3 70. Qc3+ Ka2 71. Qc2+ Ka1 72. Kc3 h2 73. Qb2#) 59... h3 60. Rh6
{[#] Mit 1 Restminute - und ich gab auf - hätte ich vielleicht doch
weiterspielen sollen im Sinne "Luft schaffen für die anderen Partien" ?!
schliesslich dauerts bis zum Matt noch über 20 Züge ?!} (60. Rh6 Ne3 61. Rxh3
Nc4 62. f6 Ne5 63. Kf5 Nc6 64. Rd3 Nd8 65. Rd7+ Ke8 66. Re7+ Kf8 67. Rc7 Kg8
68. Kg6 Ne6 69. f7+ Kf8 70. Rc8+ Ke7 71. Re8+ Kd6 72. Rxe6+ Kxe6 73. f8=Q Kd5
74. Qb4 Ke5 75. Qc4 Kd6 76. Kf5 Ke7 77. Ke5 Kd7 78. Qb5+ Kc8 79. Kf5 Kd8 80.
Kf6 Kc8 81. Ke5 Kd8 82. Qb7 Ke8 83. Qc7 Kf8 84. Kf6 Ke8 85. Qc8#) 1-0

[Event "Uhrensimultan"]
[Site "?"]
[Date "2016.04.25"]
[Round "?"]
[White "McShane, Luke"]
[Black "Wittfoth, Kai-Uve"]
[Result "1-0"]
[WhiteElo "2669"]
[BlackElo "2132"]
[PlyCount "55"]
[EventDate "2016.??.??"]
[SourceDate "2015.04.14"]

1. d4 d5 2. c4 e6 3. Nc3 Nf6 4. cxd5 exd5 5. Bg5 Be7 6. e3 c6 7. Bd3 h6 8. Bh4
Ne4 9. Bxe7 Qxe7 10. Nge2 Nd7 11. Bxe4 dxe4 12. O-O Nf6 13. d5 O-O 14. dxc6
bxc6 15. Qa4 Rb8 16. Qxc6 Rxb2 17. Rab1 Qb7 18. Qxb7 Rxb7 19. Nd4 Rxb1 20. Rxb1
{Diagramm [#]} Ba6 (20... Bd7 $142) 21. Nc6 Bd3 22. Rb7 a6 23. h3 g6 24. g4 Kg7
25. Ne5 Bc2 26. Ne2 Bd3 27. Nf4 $16 Bc2 $2 28. Ne6+ 1-0

[Event "Uhrensimultan"]
[Site "?"]
[Date "2016.04.25"]
[Round "?"]
[White "Buescher, André"]
[Black "McShane, Luke"]
[Result "0-1"]
[WhiteElo "2063"]
[BlackElo "2669"]
[Annotator "André Büscher"]
[PlyCount "76"]
[EventDate "2016.??.??"]
[SourceDate "2015.04.14"]

1. e4 c5 2. g3 Nc6 3. Bg2 g6 4. Ne2 Bg7 5. c3 e5 6. d3 Nge7 7. Be3 d6 8. O-O
O-O 9. d4 {[#]} b6 10. d5 Nb8 11. c4 f5 12. Nbc3 Nd7 13. Qd2 Nf6 14. f3 Kh8 15.
a3 fxe4 16. Nxe4 Nf5 17. Bg5 Qc7 {[#]} 18. Rac1 ({Nach} 18. Nxf6 Bxf6 19. Bxf6+
Rxf6 20. f4 {sieht Houdini Vorteil für Weiß}) 18... Bd7 19. b4 Rae8 20. Kh1 $6
Ng8 21. Qd3 Bc8 22. Rb1 Nd4 23. bxc5 bxc5 24. Rf2 Bf5 25. N2c3 Rb8 26. Rfb2 Bh6
27. Qe3 $2 (27. h4 $11) 27... Bxg5 28. Qxg5 Rxb2 29. Rxb2 Bxe4 $6 {[#]} (29...
Kg7) 30. fxe4 $2 {Später am Abend schlug Luke McShane Sxe4 als Verrbesserung
vor.} (30. Nxe4 Nxf3 31. Bxf3 (31. Qc1 Nd4 32. Qb1 Rf7 33. Rb8 Kg7 34. Ng5 Re7
35. Bh3 $44) 31... Rxf3 32. Kg2 Rf7 33. Qe3 h6 34. Qb3 Qd7 35. h3 Kg7 36. Qb8
$44 {[#]} Qf5 37. Nxd6 Qf1+ 38. Kh2 Rf2+ 39. Rxf2 Qxf2+ 40. Kh1 Qf1+ $11) 30...
Qa5 $19 31. Qd2 Qxa3 32. Ra2 Qb4 33. Ra4 Qb3 34. Rxa7 Qxc4 35. Ra1 Nb3 36. Qe1
Nxa1 37. Qxa1 Qd4 38. h3 Rf2 0-1

[Event "Uhrensimultan"]
[Site "?"]
[Date "2016.04.25"]
[Round "?"]
[White "McShane, Luke"]
[Black "Wachinger, David"]
[Result "1-0"]
[WhiteElo "2669"]
[BlackElo "1944"]
[Annotator "Buchal,Stephan"]
[PlyCount "45"]
[EventDate "2016.??.??"]
[SourceDate "2015.04.14"]

1. e4 c5 2. Nf3 d6 3. d4 cxd4 4. Nxd4 Nf6 5. Nc3 a6 6. Be3 e6 7. Be2 Nbd7 8.
O-O b5 9. a4 b4 10. Nc6 Qc7 11. Nxb4 d5 {[#] alles bekannte Theorie!} 12. Nxa6
Bxa6 13. exd5 Bxe2 $6 $146 (13... Bd6 $142 14. h3 (14. dxe6 fxe6 15. Bxa6 Rxa6
16. Nb5 Qb8 17. Ba7 Bxh2+ 18. Kh1 Qf4 19. Ra3 Rxa4 20. g3 Bxg3 21. fxg3 Qh6+
22. Kg2 Rxa3 23. bxa3 O-O 24. Qd6 e5 25. Qe6+ Kh8 26. Nd6 Qd2+ 27. Rf2 Qa5 28.
Be3 Qxa3 29. Rf3 e4 30. Nxe4 Re8 31. Qd6 Qa8 32. Nxf6 Ne5 33. Nxe8 Qxf3+ 34.
Kh2 Ng4+ {0-1 (34) Mista,A (2565)-Babula,V (2536) Czechia 2011}) 14... exd5 15.
Nxd5 Nxd5 16. Qxd5 Bb7 17. Qc4 Bc6 18. b4 Qb7 19. Rad1 Be7 20. b5 Bxg2 21. Rxd7
Kxd7 22. Qg4+ Ke8 23. Qxg2 Qxg2+ 24. Kxg2 Rxa4 25. b6 Ra5 26. Rd1 Bg5 27. b7
Ke7 28. Bb6 Re5 29. Bd8+ {1-0 (29) Anand,V (2786)-Topalov,V (2772) Leon 2007
CBM 119 [Ftacnik,L]}) 14. Qxe2 Be7 15. Nb5 $14 Qb8 16. dxe6 fxe6 17. Qc4 Nd5
18. Rad1 Ne5 19. Qe4 O-O 20. Bd4 {[#] bis hierher alles in Ordnung ...} Rxa4 $4
(20... Rf5 $13) 21. Qxe5 Rxd4 22. Qxe6+ Kh8 23. Nxd4 1-0

[Event "Uhrensimultan"]
[Site "?"]
[Date "2016.04.25"]
[Round "?"]
[White "Wachinger, Nikolas"]
[Black "McShane, Luke"]
[Result "0-1"]
[WhiteElo "1542"]
[BlackElo "2669"]
[Annotator "Buchal,Stephan"]
[PlyCount "90"]
[EventDate "2016.??.??"]
[SourceDate "2015.04.14"]

1. e4 e5 2. Nf3 Nc6 3. Bb5 Nf6 4. O-O Nxe4 5. d4 Nd6 6. Bxc6 {Nikolas trifft
die Entscheidung, sich gegen den Weltklasse-GM auf ein Theorieduell über die
"Berliner Mauer" einzulassen. Sehr mutig und prinzipiell - wenn man bedenkt,
dass "normale Sterbliche" diese Eröffnung kaum verstehen (können).} dxc6 7.
dxe5 Nf5 8. Qxd8+ Kxd8 9. h3 Bd7 10. Nc3 h6 11. b3 Kc8 12. Bb2 b6 13. Rad1 Ne7
14. Rd2 c5 15. Rfd1 Be6 16. Rd8+ Kb7 17. Rxa8 Kxa8 18. Nb5 Kb7 19. c4 {
Diagramm [#]} Nc6 {Alles schon dagewesen - der erste neue Zug in dieser Partie.
} (19... Ng6 20. Nc3 Be7 21. Ne2 Rd8 22. Rxd8 Bxd8 23. g4 a6 24. Ne1 Ne7 25. f4
g6 26. Nc2 Nc6 27. Ng3 Bd7 28. Ne4 h5 29. Ne3 hxg4 30. hxg4 Nd4 31. Kf1 Bh4 32.
b4 Kc6 33. bxc5 bxc5 34. Ba3 Be7 35. Nc3 Bd8 36. Ne4 Be7 37. Nc3 Bf8 38. Ne4
Bh6 39. g5 Bf8 40. Kf2 Be6 41. Nc3 Bh3 42. Ncd5 Nf5 43. Bb2 {1/2-1/2 (43)
Kayumov,S (2479)-Iuldachev,S (2513) Abu Dhabi 2003}) 20. Nc3 Be7 21. Kf1 a6 22.
Ke2 Ra8 23. Nd5 b5 {[#]} 24. Nxe7 $6 {Der "Hauptfeind" des Weißen im
"Berliner Endspiel" ist der weißfeldrige Läufer. Deshalb war es besser, den
wirkungsvollen Sd5 nicht abzutauschen. Im folgenden demonstriert Luke
eindrucksvoll, wie man das Berliner Endspiel mit Schwarz gewinnt.} Nxe7 25. Nd2
Kc6 26. Rc1 b4 27. f4 h5 28. Nf3 a5 29. Ng5 h4 30. Nf3 Ng6 31. Ke3 Bf5 32. Rd1
a4 33. Rd2 {[#]} Bb1 34. Bc1 a3 $1 $19 35. Ng1 Ne7 36. Ne2 Nf5+ 37. Kf3 f6 $1
38. exf6 gxf6 39. g4 hxg3 40. Nxg3 Nd4+ 41. Kf2 Rh8 42. Kg2 Nf5 43. Nxf5 Bxf5
44. h4 Rxh4 45. Kg3 $2 Rh1 0-1

[Event "Uhrensimultan"]
[Site "?"]
[Date "2016.04.25"]
[Round "?"]
[White "Kardoeus, David"]
[Black "McShane, Luke"]
[Result "0-1"]
[WhiteElo "2115"]
[BlackElo "2669"]
[Annotator "Buchal,Stephan"]
[PlyCount "90"]
[EventDate "2016.??.??"]
[SourceDate "2015.04.14"]

1. e4 e5 2. Nf3 Nc6 3. Bb5 Nf6 4. O-O Nxe4 5. d4 Nd6 6. dxe5 {Im Gegensatz zu
Nikolas versucht es david mit einer Nebenvariante und bekommt eine leichter
spielbare Stellung.} Nxb5 7. a4 Nbd4 8. Nxd4 d5 9. exd6 Nxd4 10. Qxd4 Qxd6 11.
Qe3+ Be6 12. Nc3 {[#]} c6 (12... a6 {ist Mode und wurde schon von zahlreichen
Größen gespielt: Kramnik, Ponomariov, Korobov, Ragger und auch den
Werderanern Fressinet und Babula ...}) 13. Ne4 Qd5 {[#]} 14. Ng5 (14. Re1 Be7
15. Qg3 $16 {gefällt Houdini sehr gut für Weiß. Der Textzug liquidiert das
schwarze Läuferpaar und reicht natürlich auch zum Ausgleich.}) 14... Bc5 15.
Nxe6 fxe6 16. Qe2 O-O 17. Be3 Qe5 18. c3 Bxe3 19. Qxe3 Qxe3 20. fxe3 Rad8 21.
Rfd1 {[#] ... und wieder beweist Luke seine gute Endspieltechnik, selbst im
Uhrensimultan.} Kf7 22. Kf2 Ke7+ 23. Ke2 Rd5 24. e4 Rh5 25. h3 Rg5 26. Rg1 Rg3
27. a5 Rd8 28. Kf2 Rgd3 29. Rge1 Kf6 30. Re3 Ke5 31. Rxd3 Rxd3 32. Ke2 Rd7 33.
Ke3 c5 34. a6 b6 35. b3 g5 36. g3 h5 37. Rf1 b5 38. Rf8 c4 39. bxc4 bxc4 40.
Rc8 Rd3+ 41. Ke2 Rxc3 42. Rc5+ Kxe4 43. Rxg5 Rc2+ 44. Kd1 Ra2 45. Rxh5 Kd3 0-1

[Event "Uhrensimultan"]
[Site "?"]
[Date "2016.04.25"]
[Round "?"]
[White "Heldt, Nils-Lennart"]
[Black "McShane, Luke"]
[Result "0-1"]
[WhiteElo "1994"]
[BlackElo "2669"]
[Annotator "Buchal,Stephan"]
[PlyCount "70"]
[EventDate "2016.??.??"]
[SourceDate "2015.04.14"]

1. d4 Nf6 2. c4 g6 3. Nc3 Bg7 4. e4 d6 5. Nf3 O-O 6. Be2 e5 7. O-O Na6 8. Be3 {
[#]} Qe8 {Ist in der letzten Zeit modern geworden.} ({Früher spielte Luke
meistens das gebräuchlichere} 8... Ng4 9. Bg5 Qe8) 9. dxe5 dxe5 10. h3 Nh5 11.
a3 (11. c5 {war unlängst Thema beim "legendären" 5:3-Sieg von Werder gegen
Baden-Baden:} Nf4 12. Bxa6 bxa6 13. Nd5 Nxd5 14. Qxd5 Bd7 15. Rfe1 Bc6 16. Qc4
a5 17. Bd2 a4 18. Ba5 Rc8 19. Rad1 Kh8 20. Nd2 f5 21. f3 Rf7 22. Nf1 fxe4 23.
fxe4 Rb8 24. b3 axb3 25. axb3 Bb5 26. Qc2 Qe7 27. Nh2 Rbf8 28. Nf3 Rxf3 29.
gxf3 Rxf3 30. Qg2 Rf8 31. Kh1 Bf6 32. Bd2 Kg7 33. Be3 Bh4 34. Rg1 Bc6 35. Kh2
Rb8 36. Bg5 Bxg5 37. Qxg5 Qxg5 38. Rxg5 Rxb3 39. Ra1 Kf6 40. Rg3 Rb2+ 41. Kg1
Bxe4 42. Rxa7 c6 43. Rxh7 Rc2 44. h4 Rxc5 45. h5 gxh5 46. Rxh5 Bd5 47. Kf2 Rc2+
48. Ke3 Rc3+ 49. Kf2 Rc2+ 50. Ke3 Rc3+ 51. Kf2 Rc4 52. Rh6+ Kf5 53. Rh5+ Kf6
54. Rh6+ Kf5 {1/2-1/2 (54) Wojtaszek,R (2713)-McShane,L (2676) BL 1516 OSG
Baden Baden - Werder Bremen 2016}) 11... c6 12. Re1 Qe7 {[#]} 13. Rc1 $6 {
Diesen Turm benötigt Weiß auf der d-Linie, damit er um das Feld d4 kämpfen
kann, z.B.:} (13. Qc2 Nc5 14. Rad1 Ne6 15. Rd2 Nhf4 16. Bf1) 13... Nc5 14. b4
Ne6 15. Bf1 Rd8 16. Qc2 Nd4 $15 17. Bxd4 exd4 18. Na4 b6 19. c5 b5 20. Nb2 a5 (
20... Nf4 $142 21. Nd3 Nxd3 22. Bxd3 Be6) 21. Nd3 axb4 22. axb4 Ra3 23. e5 Bf5
24. Qb2 $2 {Ein merkwürdiger Fehler - in Zeitnot?} Rxd3 25. Bxd3 Bxd3 26. Qd2
Bc4 27. g4 Bd5 28. Nh2 Qh4 29. gxh5 Qxh3 30. Qg5 Re8 31. hxg6 {[#]} Re6 $1 {
Der direkte Weg zum weißen König.} 32. gxf7+ Kxf7 33. Qf4+ Kg8 34. f3 Rg6+
35. Ng4 Bxf3 0-1

[Event "OBEM 2016"]
[Site "?"]
[Date "2016.03.23"]
[Round "6.2"]
[White "Kardoeus, David"]
[Black "Steingraeber, Kai Uwe"]
[Result "0-1"]
[WhiteElo "2110"]
[BlackElo "2147"]
[Annotator "Matthias Krallmann"]
[PlyCount "164"]
[EventDate "2016.??.??"]
[SourceDate "2015.04.14"]

1. e4 d6 2. d4 Nf6 3. Nc3 g6 4. f4 Bg7 5. Nf3 O-O 6. e5 Nfd7 7. Bc4 Nb6 8. Bb3
Nc6 9. a4 dxe5 (9... Na5 10. Ba2 Bf5 11. O-O c5 12. dxc5 dxc5 13. Qe2 c4 14.
Rd1 Qe8 15. Be3 Nxa4 16. Nxa4 Qxa4 17. b3 Qe8 18. b4 Nc6 19. Bxc4 Nxb4 20. Nd4
Qc8 21. Nxf5 gxf5 22. Rxa7 Rxa7 23. Bxa7 e6 24. Bb6 Qc6 25. Rd6 Qa4 26. Bb3
Qa1+ 27. Rd1 Qc3 28. Qd2 Qxd2 29. Rxd2 Rc8 30. Rd8+ Rxd8 31. Bxd8 Bf8 32. Kf2
Bc5+ 33. Ke2 Nc6 34. Bc7 Kf8 35. Kd3 Ke8 36. Ba4 Kd7 37. Ba5 Be7 38. Bd2 h5 39.
g3 h4 40. gxh4 Bxh4 41. Ke2 f6 42. Bc3 fxe5 43. Bxe5 Ke7 44. Bc3 Kf7 45. Kd3
Ne7 46. Bd2 Ng6 47. Bd7 Bf2 48. Bc8 Bg1 49. h4 Nxh4 50. Bxb7 Ng6 51. Bf3 e5 {
1/2-1/2 Karpatchev,A (2484)-Chatalbashev,B (2560)/Lueneburg 2013/CBM 155 Extra}
) 10. fxe5 {[#]} Na5 11. Ba2 c5 12. dxc5 Qxd1+ 13. Nxd1 Nbc4 14. Ne3 (14. c3
Nxe5 15. Nxe5 Bxe5 16. Bh6 Rd8 17. O-O Bf6 18. Ne3 Be6 19. Bxe6 fxe6 20. Rae1
$14) 14... Nxe5 15. O-O Nac6 16. Nxe5 Bxe5 17. c3 Kg7 18. Bd2 f5 19. Rae1 Bb8
20. b4 e5 21. b5 Nd8 22. Bd5 Bc7 23. c4 Bd7 24. Bc3 Rc8 25. Nc2 Kf6 $2 (25...
Be6 26. Bxe5+ Bxe5 27. Rxe5 Bxd5 28. Rxd5 Ne6 29. c6 bxc6 30. Rd7+ Rf7 31. Rd6
$14) 26. Nb4 Bb8 27. Nd3 Re8 28. Re2 Be6 {[#]} 29. Rfe1 $2 (29. Nxe5 Bxd5 30.
Nd3+ Kf7 31. Rxe8 Kxe8 32. cxd5 $18) 29... Bxd5 30. cxd5 Nf7 {[#]} 31. d6 $4 (
31. Bb2 b6 32. c6 $16) 31... Bxd6 32. cxd6 Rxc3 $17 33. d7 Rd8 34. Nxe5 Nxe5
35. Rxe5 Rxd7 36. Re6+ Kf7 37. b6 Ra3 38. bxa7 Rxa4 39. Rb6 Rxa7 40. Reb1 Kg7
41. R1b2 Kh6 42. Kf2 Kg5 43. R6b4 Kf6 44. Rb6+ Ke7 45. Kg3 Kd8 46. Kh4 Ra4+ 47.
Kg5 Kc8 48. h3 Ra6 49. R6b4 Kb8 50. Kh6 Ka7 51. g4 Ra3 52. Rh2 Rdd3 $6 (52...
fxg4 53. hxg4 Ka6 54. Rhb2 Rh3+ 55. Kg5 Rd5+ 56. Kf6 b5 $19) 53. h4 fxg4 54.
Rxg4 $6 (54. Kxh7 Ra6 55. Rhb2 Rd7+ 56. Kh6 g3 57. Kg5 g2 58. Rxg2 Rd5+ 59. Kf4
b5 $15) 54... Rd7 55. Rb2 Ra5 56. Rg5 Ra4 57. h5 Rh4 58. Ra2+ Kb8 59. Rb2 Rxh5+
60. Rxh5 gxh5 61. Kxh5 Rg7 62. Kh6 Rg3 63. Kxh7 Kc7 64. Rc2+ Kd6 65. Rb2 Kc6
66. Rc2+ Kd7 67. Rd2+ Kc7 68. Rc2+ Kb8 69. Rb2 Rg4 70. Kh6 Kc7 71. Kh5 Rc4 72.
Kg5 Kc6 73. Kf5 b5 74. Ke5 Kc5 75. Ra2 Rh4 76. Rc2+ Kb4 77. Rc1 Ka3 78. Ra1+
Kb2 79. Rg1 b4 80. Rg2+ Ka3 81. Rg3+ b3 82. Rxb3+ Kxb3 0-1

[Event "OBEM 2016"]
[Site "?"]
[Date "2016.03.20"]
[Round "2.8"]
[White "Heldt, Nils-Lennart"]
[Black "Peters, Frank"]
[Result "1/2-1/2"]
[WhiteElo "1928"]
[BlackElo "2133"]
[Annotator "Matthias Krallmann"]
[PlyCount "101"]
[SourceDate "2015.04.14"]

1. d4 g6 2. c4 Bg7 3. Nf3 d6 4. e4 e5 5. dxe5 dxe5 6. Qxd8+ Kxd8 7. Nc3 c6 8.
Be3 f6 9. Be2 Be6 10. O-O Nd7 11. Rfd1 Kc7 (11... Bh6 12. Bc5 Ke8 13. Ba3 Bf8
14. Bxf8 Kxf8 15. b4 Ke7 16. c5 Nh6 17. Nd2 Nf7 18. Nc4 Rhc8 19. Rac1 Nf8 20.
f3 Bxc4 21. Bxc4 Nd8 22. Na4 Nde6 23. Bxe6 Nxe6 24. Nb2 Nd4 25. Kf1 b5 26. cxb6
axb6 27. a4 b5 28. a5 c5 29. Nd3 c4 30. Nf4 Rd8 31. Nd5+ Rxd5 32. exd5 g5 33.
Kf2 Kd6 34. g3 Kxd5 35. Rc3 Ke6 36. Rcc1 Rc8 37. Ke3 Nc6 38. Rb1 Ne7 39. g4
Nd5+ 40. Rxd5 Kxd5 41. Rd1+ Ke6 42. Kd2 h5 43. h3 hxg4 44. hxg4 Rb8 45. Ra1 Kd5
46. Ke3 Kc6 47. Ke4 Rc8 48. Rd1 Kb7 49. Kf5 Rc6 50. Rc1 Rd6 51. Rf1 Kc7 52. Rf2
Kc8 53. Rf1 Kd7 54. Rf2 c3 55. Rc2 Rc6 56. Kg6 Kd6 57. Kxf6 Kd5+ 58. Kxg5 Kc4
59. Kf5 Kxb4 60. g5 Kb3 {0-1 Wang,Y (2456)-Azmaiparashvili,Z (2671)/Xiapu 2005/
CBM 106 Extra}) 12. Rd2 Bf8 13. Rc1 Bb4 14. a3 Bxc3 15. Rxc3 c5 16. Rcd3 {[#]}
g5 $2 (16... Re8 17. Rd6 g5 18. Ne1 h5 19. b4 $16) 17. Rd6 $2 (17. Bxg5 Nb6 (
17... fxg5 18. Nxg5 Nf8 19. Nxe6+ Nxe6 20. Rd7+ Kc8 21. Bg4 $18) 18. Rd6 Bxc4
19. Bxf6 Nxf6 20. Rxf6 Rhd8 21. Kf1 $16) 17... Re8 18. b4 Nh6 19. bxc5 Nf7 20.
R6d3 Nb8 21. Rb3 Nc6 22. Rdb2 Rb8 23. Rc3 Rhd8 24. h3 h5 25. Ne1 g4 26. h4 Nd4
27. Bd3 Rd7 28. Rc1 Nd8 29. Bxd4 Rxd4 30. Rc3 Nc6 31. Nc2 Rbd8 32. Nxd4 Nxd4
33. a4 (33. c6 Kxc6 34. c5 $16) 33... a5 34. Rb6 Nc6 35. Rb5 Nb4 36. Bf1 Rd1
37. Rb6 Nc6 {[#]} 38. Rd3 $2 (38. Rcb3 Bc8 39. Rb1 $16) 38... Rxf1+ 39. Kxf1
Bxc4 40. Ke2 Nb4 41. Rxb4 axb4 42. Kd2 Bxd3 43. Kxd3 Kc6 44. Kc4 b3 45. Kxb3
Kxc5 46. Kc3 b5 47. a5 b4+ 48. Kb3 Kb5 49. a6 Kxa6 50. Kxb4 Kb6 51. Kc4 1/2-1/2

[Event "OBEM 2016"]
[Site "?"]
[Date "2016.03.24"]
[Round "7.8"]
[White "Buescher, Andre"]
[Black "Erofeev, Anastasia"]
[Result "1-0"]
[WhiteElo "2059"]
[BlackElo "1947"]
[Annotator "Matthias Krallmann"]
[PlyCount "61"]
[EventDate "2016.??.??"]
[SourceDate "2015.04.14"]

1. e4 e5 2. Nf3 Nc6 3. Bb5 a6 4. Ba4 Nf6 5. O-O Be7 6. Re1 b5 7. Bb3 O-O 8. a3
d6 9. h3 Bb7 10. d3 h6 11. Nbd2 Re8 12. Nf1 Bf8 13. Ne3 Ne7 14. c3 (14. Nh2 d5
15. Nhg4 Nxg4 16. Nxg4 Qd6 17. Qf3 c5 18. exd5 Bxd5 19. Bxd5 Nxd5 20. Bxh6 f5
21. Ne3 e4 22. dxe4 fxe4 23. Qd1 Nb6 24. Qxd6 Bxd6 25. Bxg7 Re6 26. Rad1 Rae8
27. Nf5 Bc7 28. Bc3 Rf8 29. g4 Na4 30. Rd7 Rf7 31. Red1 Nxc3 32. Rxf7 Kxf7 33.
Rd7+ Kf6 34. Rxc7 Nd1 35. b3 c4 36. bxc4 e3 37. fxe3 Nxe3 38. cxb5 axb5 39. Rc5
Nc4 40. Rxb5 Nxa3 41. Rc5 Re2 42. Nd4 Rd2 43. c3 Nb1 44. Rf5+ Kg6 45. Rf3 Nxc3
46. Rxc3 Rxd4 47. Kg2 Rd1 48. Kg3 Rd2 49. Kh4 Rd6 50. Rc5 Ra6 51. Rc4 Rb6 52.
g5 Rb8 53. Rc6+ Kf5 54. Rf6+ Ke5 55. Rf1 {1-0 Kosintseva,T (2539)-Shen,Y (2453)
/Sochi 2009/CBM 131 Extra}) 14... c5 (14... Ng6 15. a4 (15. Ba2 d5 $11) (15.
Nd5 Nxd5 16. Bxd5 c6 17. Bb3 d5 $11) 15... d5 $11) 15. Nh4 Qc8 (15... d5 16.
Ng4 Nxg4 17. Qxg4 Qc8 18. Qg3 c4 $11) 16. Qf3 c4 17. Bc2 cxd3 18. Bxd3 Kh8 (
18... d5 19. Ng4 Nxg4 20. hxg4 dxe4 21. Bxe4 Bxe4 22. Qxe4 Qc6 $11) 19. c4 {[#]
} Qc6 $2 (19... Nc6 20. cxb5 Nd4 21. Qd1 axb5 22. Ng4 Nxg4 23. hxg4 b4 $11) 20.
Nd5 $16 bxc4 21. Nxf6 gxf6 22. Bc2 (22. Qh5 cxd3 23. Bxh6 Bg7 24. Re3 $18)
22... Ng8 23. Nf5 (23. Qh5 Qc7 24. Nf5 Kh7 25. Re3 $16) 23... Bc8 24. Re3 Be6
25. Qh5 Bxf5 26. exf5 Qd7 (26... Ra7 27. Rg3 Rb8 28. Qg4 Ne7 29. b4 cxb3 30.
Qh5 Ng8 31. Bxb3 $16) 27. Rg3 d5 (27... Rec8 28. Bd2 a5 29. Re1 $16) 28. Bd2 (
28. Ba4 Qxa4 29. Qxf7 Ne7 30. Qxf6+ Kh7 31. Qf7+ Kh8 32. f6 $18) 28... e4 {[#]}
29. Bb4 $1 Re5 30. Qg4 Qxf5 31. Qxg8# 1-0